Statistics for Florida A-Z

Click here to take the quiz!

General Stats

  • This quiz has been taken 367 times
    (300 since last reset)
  • The average score is 17 of 24

Answer Stats

HintAnswer% Correct
AState reptileAlligator
97%
GBordering stateGeorgia
96%
FFlorida is the only state where
this pink bird is seen in the wild
Flamingo
95%
EMost famous National ParkEverglades
91%
NOnly state with more visitorsNew York
91%
SOfficial nickname{Sunshine} State
90%
JMost populous city (city proper)Jacksonville
89%
IWhat Florida Keys areIslands
85%
KNASA space launch site{Kennedy}
Space Center
84%
YWhat L was looking for
(according to a dubious
legend): Fountain of _____
Youth
84%
VTV show about stylish
detectives: Miami ____
Vice
82%
UFamous Orlando theme parkUniversal
81%
OMost valuable cash cropOrange
79%
MOfficial state marine mammalManatee
77%
TLargest port of FloridaTampa
77%
BGovernor from 1999-2007Jeb Bush
65%
WWinner of 14 golf majorsTiger Woods
60%
PWhere Donald Trump's
Mar-a-Lago is located
Palm Beach
51%
CFamous blind pianistRay Charles
51%
HMiami suburb that is 94.7% HispanicHialeah
48%
XFormer Miami mayor, 1997-98{Xavier} Suárez
46%
DFictional serial killer who
"only kills other bad guys"
Dexter
43%
LFirst European to contact FloridaJuan Ponce
de León
43%
RFirst female Attorney General
of the United States
Janet Reno
34%

Score Distribution

Percentile by Number Answered

Percent of People with Each Score

Your Score History

You have not taken this quiz since the last reset